000
00275nam a22001217a 4500
008
170915b xxu||||| |||| 00| 0 eng d
041
_a
eng
080
_a
7
100
_a
44
101
_a
ART
245
_a
THE ENJOYMENT AND USE OF COLOR
_c
SARGENT.W
942
_2
udc
_c
BK
999
_c
27793
_d
27793